Paradas do Corredor ABD - Statistics

Estatísticas Gerais
  • Esse quiz foi jogado 5 vezes
  • A pontuação média é 24 de 63
Estatísticas das Respostas
Sentido Jabaquara Resposta Sentido São Mateus % Correto
Terminal Jabaquara
100%
Terminal Diadema
75%
IV Centenário Parada
75%
Parada Matriz Parada
75%
Terminal Piraporinha
75%
Terminal São Bernardo do Campo Terminal
75%
São Mateus Terminal
75%
Alfredo Fláquer Parada
50%
Parada Bom Clima
50%
Parada Brasil Parada
50%
Parada Castelo Branco
50%
Parada Cecom
50%
Parada Cooperativas Parada
50%
Parada Djalma Dutra Parada
50%
Estela Parada
50%
Parada Etec/Fatec/Senai Parada
50%
Terminal Ferrazópolis Terminal
50%
Getúlio Vargas Parada
50%
Gilda Parada
50%
Nevada Parada
50%
Paraíso Parada
50%
Santa Tereza Parada
50%
Santo André Oeste Terminal
50%
Sônia Maria Parada
50%
Sônia Maria Terminal
50%
Parada Alice
25%
Parada Americanópolis
25%
Ana Maria Parada
25%
Parada Anchieta
25%
Angola Parada
25%
Parada Assembléia
25%
Baeta Neves Parada
25%
Bangu Parada
25%
Parada Bela Vista
25%
Parada Bom Jesus
25%
Bonfim Parada
25%
Parada Canhema/Senai
25%
Cidade dos Meninos Parada
25%
Parada Cidade Vargas
25%
Parada Divisa
25%
Parada Encontro
25%
Parada Faccini
25%
Parada Imigrantes
25%
Parada Indústrias
25%
Itamarati Parada
25%
Parada Jardim do Mar
25%
Parada Lauro Gomes Parada
25%
Parada Lídia
25%
Lituânia Parada
25%
Manila Parada
25%
Parada Manoel da Nóbrega
25%
Nestor de Barros Parada
25%
Parada Nogueira
25%
Parada Orense
25%
Parque das Nações Parada
25%
Pilar Parada
25%
Parada Planalto
25%
Santa Adélia Parada
25%
Santo Alberto Parada
25%
Parada São José
25%
Timor Parada
25%
Parada Vera Cruz
25%
Parada Vila Clara
25%
Nenhum quiz correspondente encontrado
Distribuição das Pontuações
Porcentagem de Pessoas com Cada Pontuação
Percentil de Números Respondidos
Sua Pontuação Histórica
Você não jogou esse quiz